01196 2200361 4500001002100000005001500021035002000036007000300056008004100059020002200100082001700122084001900139100003100158245014100189250003500330300004900365500001100414650003200425700003700457700003400494700004400528504003400572264003200606336002100638337003000659338002300689040002200712090002200734850001200756999002200768990002200790990002200812INLIS00000000087050020220603111923 a0010-0622000090ta220603s2022 yoia g 1 ind d a978-623-02-4118-504223a915.9851 a915.9851 DER d0 aDermawan WaruwuePengarang10aDesa wisata herbal :bCatur, Kintamani, Bali /cDermawan Waruwu, Ni Made Diana Erfiani, I Putu Darmawijaya, Natalia Sri Endah Kurniawati aCetakan pertama, Februari 2022 axviii, 163 halaman :bgambar, tabel ;c20 cm aindeks 4aIndustri Pariwisata--zBali0 aNi Made Diana ErfianiePengarang0 aI Putu DarmawijayaePengarang0 aNatalia Sri Endah KurniawatiePengarang aBibliografi : halaman 144-15131aSleman :bDeepublish,c2022 2rdacontentateks 2rdamediaatanpa perantara 2rdacarrieravolume aYOPDYOGbinderda aCB-D.11 2022-0272 aYOPDYOG aCB-D.11/2022-0272 aCB-D.11/2022-0272 aCB-D.11/2022-0272